000 00465nam a2200205Ia 4500
005 20250425160722.0
008 250425s9999 xx 000 0 und d
020 _a9686046771
041 _aspa
082 _a604.2
100 _aJENSEN, C. H.
245 0 _aDIBUJO Y DISEÑO DE INGENIERIA
250 _a1A ED.
260 _aMEXICO
260 _aMéxico
_bMcGraw-Hill
_c1988
300 _a760
650 _aDIBUJO TECNICO
942 _c01
010 _a3427
999 _c194791
_d194791